000 00859cam a2200217 a 4500
001 000007160
005 20200929154101.0
008 911211s1988 cu a b 001 0bspa d
040 _aDO-SdBNP
_cDLC
_dDLC
_dBNPHU
082 _a927.7415
_bN415d
100 1 _aNeira Vilas, Xosé,
_d1928-
_919881
245 1 4 _aLos días cubanos de Alfonso Castelao /
_cXosé Neira Vilas ; edición de José Rodríquez Feo.
260 _aHabana :
_bUnión de Escritores y Artistas de Cuba,
_cc1988.
300 _a166 p. :
_bil. ;
_c23 cm.
504 _a"Bibliografía de Castelao": p. 14-15.
504 _aIncluye referencias bibliográficas y notas al pie de las páginas.
600 1 4 _aCASTELAO, ALFONSO,
_d1886-1950
_xVIAJES
_zCUBA
_919882
651 4 _aCuba
_xDescripciones Y Viajes
_9495
700 1 _aRodríquez Feo, José,
_eed.
_919883
910 _aCatalogación por copia / LC
999 _c6941
_d6941